000 00942cam a2200253 4500
001 WB3634-03
008 000000n2000 000 0 eng u
035 _a(Sirsi) u108081
245 _aNew purpose to relics
260 _c2000
490 _aFinancial Times
_v30 August 2000, 6(2)
490 _aIndependent
_v31 August 2000, 10(1)
520 _aNational Heritage and Regional Development Agency grants have saved Ditherington Flax Mill from decay. With other industrial buildings facing a similar fate, a national strategy is underway to restore and renovate historic buildings.
590 _aWB
650 _aENGLISH HERITAGE
650 _aINDUSTRIAL BUILDINGS
650 _aHISTORIC BUILDINGS
650 _aTEXTILE MILLS
650 _aHISTORIC ENVIRONMENT
650 _aGOVERNMENT POLICY
650 _aRENOVATION
690 _aBUILT ENVIRONMENT-BUILDING MAINTENANCE AND REFURBISHMENT-BUILDING CONSERVATION
942 _n0
999 _c64562
_d64562